FOUNDATIONS OF MENTAL HEALTH CARE (Record no. 15208)

MARC details
000 -LEADER
fixed length control field 00326nam a22001457a 4500
003 - CONTROL NUMBER IDENTIFIER
control field SGT
020 ## - INTERNATIONAL STANDARD BOOK NUMBER
International Standard Book Number 978-0-323-35992-9
082 ## - DEWEY DECIMAL CLASSIFICATION NUMBER
Classification number 610.7368
Item number F17V
100 ## - MAIN ENTRY--PERSONAL NAME
Personal name VALFRE, MORRISON
245 ## - TITLE STATEMENT
Title FOUNDATIONS OF MENTAL HEALTH CARE
250 ## - EDITION STATEMENT
Edition statement 6TH
260 ## - PUBLICATION, DISTRIBUTION, ETC. (IMPRINT)
Place of publication, distribution, etc LOUIS
Name of publisher, distributor, etc ELSEVIER
Year of Publication 2017
300 ## - PAGE DESCRIPTION
No. of Pages 434
942 ## - ADDED ENTRY ELEMENTS (KOHA)
Source of classification or shelving scheme Dewey Decimal Classification
Koha item type Books
Holdings
Withdrawn status Lost status Source of classification or shelving scheme Damaged status Not for loan Collection code Home library Current library Shelving location Date acquired Vendor Name SGTU Bill Number Total Checkouts Full call number Accession No. (Barcode) Date last seen Bill Date Koha item type
    Dewey Decimal Classification     NURSING SGT Medical Library SGT Medical Library Reference Book 10/02/2018 ABC SGTU 7429   610.7368 F17V FN3728 10/02/2018 04/11/2016 Books